El deísmo religioso de Rousseau: estudios sobre su pensamiento
Salvato in:
| Autore principale: | |
|---|---|
| Natura: | Libro |
| Lingua: | spagnolo |
| Pubblicazione: |
Salamanca
Universidad Pontificia
1982
|
| Serie: | Colección Relectiones, 2
|
| Soggetti: | |
| Tags: |
Aggiungi Tag
Nessun Tag, puoi essere il primo ad aggiungerne!!
|
MARC
| LEADER | 00000nam a2200000 a 4500 | ||
|---|---|---|---|
| 001 | UCX5077 | ||
| 003 | CL-VaPUC | ||
| 008 | 920908e19820000SP |||||||||||||||||spa|d | ||
| 082 | 0 | 4 | |a 211.5 |b PIN |2 21 |
| 100 | 0 | |a Pintor Ramos, Antonio |e author |9 321400 | |
| 245 | 1 | 3 | |a El deísmo religioso de Rousseau: estudios sobre su pensamiento |
| 300 | |a 236 p | ||
| 942 | |c BK | ||
| 945 | |d 19920908 00:00:00 | ||
| 260 | |a Salamanca |b Universidad Pontificia |c 1982 | ||
| 600 | 0 | |a Rousseau, Jean Jacques |e autor |9 255697 | |
| 650 | 7 | |a DEISMO |2 CL-VaPUC |9 314472 | |
| 650 | 0 | |a Religión |9 255164 | |
| 650 | 0 | |a Historia Siglo 18 |9 257136 | |
| 583 | |a last modification |c 19920908 00:00:00 |k Rodrigo Vera | ||
| 490 | 0 | |a Colección Relectiones, 2 | |
| 999 | |c 225422 |d 225420 | ||
| 952 | |0 0 |1 0 |4 0 |6 211_500000000000000_PIN_1982 |7 0 |8 A |9 222922 |a BIBEDU |b BIBEDU |d 2019-11-15 |i 2917173 |o 211.5 PIN 1982 |p 2917173 |r 2019-11-15 |w 2019-11-15 |y BK |k FIL | ||